004110000a2200133000450024500730000065000160007365000160008965000190010565000290012465300170015304100130017010000240018377300700020710aBats, flowers and fruit: evolutionary relationships in the old world14aEvolución14aMigraciones14aPolinización14aDispersión de semillas fPteropodidae0 aInglés1 aMarshall, Adrian G.1 tBiological Journal of the Linnean Society3166h20q115-135d1983